Cincuenta años de teatro Puertorriqueño : (Record no. 22744)
[ view plain ]
| 000 -CABECERA | |
|---|---|
| campo de control de longitud fija | 00896nam a2200217 a 4500 |
| 001 - NÚMERO DE CONTROL | |
| campo de control | 000023247 |
| 005 - FECHA Y HORA DE LA ÚLTIMA TRANSACCIÓN | |
| campo de control | 20200930022103.0 |
| 008 - DATOS DE LONGITUD FIJA--INFORMACIÓN GENERAL | |
| campo de control de longitud fija | 101130s1996 pr a 001 0 spa d |
| 040 ## - FUENTE DE LA CATALOGACIÓN | |
| Centro catalogador/agencia de origen | DO-SdBNP |
| Lengua de catalogación | spa |
| Centro/agencia transcriptor | BNPHU |
| 082 ## - NÚMERO DE LA CLASIFICACIÓN DECIMAL DEWEY | |
| Número de clasificación | PR862.09 |
| Número de documento/Ítem | P426c |
| 100 1# - ENTRADA PRINCIPAL--NOMBRE DE PERSONA | |
| Nombre de persona | Perales, Rosalina |
| 9 (RLIN) | 47880 |
| 245 10 - MENCIÓN DE TÍTULO | |
| Título | Cincuenta años de teatro Puertorriqueño : |
| Resto del título | el arte e Victoria Espinosa / |
| Mención de responsabilidad, etc. | Rosalina Perales ; ilustración de portada María Elena Perales. |
| 246 10 - FORMA VARIANTE DE TÍTULO | |
| Título propio/Titulo breve | 50 años de teatro puertorriqueño |
| 260 ## - PUBLICACIÓN, DISTRIBUCIÓN, ETC. | |
| Lugar de publicación, distribución, etc. | [Puerto Rico] : |
| Nombre del editor, distribuidor, etc. | Escenología, A.C., |
| Fecha de publicación, distribución, etc. | 1996. |
| 300 ## - DESCRIPCIÓN FÍSICA | |
| Extensión | 258 p. : |
| Otras características físicas | il. ; |
| Dimensiones | 20 cm. |
| 500 ## - NOTA GENERAL | |
| Nota general | Incluye referencias bibliográficas y notas al pie de las páginas. |
| 504 ## - NOTA DE BIBLIOGRAFÍA, ETC. | |
| Nota de bibliografía, etc. | Bibliografías : p. 255-258 |
| 590 ## - NOTA LOCAL (RLIN) | |
| Nota local | La biblioteca posee 1 ejemplar autografiado por el autor. |
| 650 #4 - PUNTO DE ACCESO ADICIONAL DE MATERIA--TÉRMINO DE MATERIA | |
| Término de materia o nombre geográfico como elemento de entrada | Teatro puertorriqueño |
| Subdivisión general | Historia |
| Subdivisión cronológica | SIGLO XX |
| 9 (RLIN) | 47881 |
| 700 1# - PUNTO DE ACCESO ADICIONAL--NOMBRE DE PERSONA | |
| Nombre de persona | Perales, María Elena, |
| Término indicativo de función/relación | il. |
| 9 (RLIN) | 47882 |
| Estado de retiro | Estado de pérdida | Restricciones de uso | No para préstamo | Código de colección | Localización permanente | Ubicación/localización actual | Ubicación en estantería | Fecha de adquisición | Número de inventario | Total de préstamos | Signatura topográfica completa | Código de barras | Fecha visto por última vez | Precio válido a partir de | Tipo de ítem Koha | Número de copia |
|---|---|---|---|---|---|---|---|---|---|---|---|---|---|---|---|---|
| Excluido de préstamo | Monografías: Libros y Folletos | General | General | Depósito | 30.11.2010 | LF1 | PR862.09 P426c | 23247-10 | 25.06.2020 | 25.06.2020 | No se presta | |||||
| Extraviado | Excluido de préstamo | Monografías: Libros y Folletos | General | General | Extraviado | 02.06.2017 | LF1 | PR862.09 P426c | 23247-20 | 25.06.2020 | 25.06.2020 | No se presta | e. 2 |
